000 00820nam a2200253 a 4500
001 26925
003 BD-RjUL
005 20211209051104.0
008 161123r19121911enkab a 001 0 eng
035 _a(BD-RjUL)26996
040 _aDLC
_cDLC
_dDLC
_beng
041 _aeng
082 _a954.03
_bPRI 1912
_223
100 1 _aPraser, Lovat,
_d1871-
_982754
245 1 0 _aIndia under Curzon & after /
_cby Lovat Fraser.
246 3 0 _aIndia under Curzon and after
260 _aLondon :
_bWilliam Heinemann,
_c1911 [impression 1912]
300 _axii, 496 p. :
_bill., folded map ;
_c25 cm.
504 _aIncludes index.
600 1 0 _aCurzon of Kedleston, George Nathaniel Curzon,
_cMarquess,
_d1859-1925.
_9166429
651 0 _aIndia
_xHistory
_y20th century.
_943020
942 _2ddc
_cBK
999 _c26925
_d26925